000 00930nam a2200217Ia 4500
999 _c3932
_d3932
003 OSt
005 20200506103654.0
008 191128s2001 ck a gr 000 0 spa d
020 _a9588025362
040 _aCO-JMCR
_cCO-JMCR
041 0 _aspa
082 0 4 _a306.342 /
_bS943c
100 1 _aSudarsky Rosenbaum, John,
_eautor
_93980
245 1 3 _aEl capital social de Colombia /
_cJohn Sudarsky Rosenbaum
260 _aBogotá :
_bDepartamento Nacional de Planeación,
_c2001
300 _a373 páginas :
_bilustraciones en blanco y negro ;
_c27 cm.
505 _aParticipación cívica -- Relaciones horizontales -- Información y transparencia -- El capital social y fenoval por ámbitos -- Ámbitos especiales y la hipótesis de jerarquías alternas -- Las regiones y el caital social de Colombia
650 1 4 _aCapital social
_zColombia
_93981
650 2 4 _aVariables Demográficas
_zColombia
_93982
942 _2ddc
_cBK